000 01085nam a22002657a 4500
999 _c63795
_d63795
005 20240530110659.0
008 171225s2015 ua a g b 000 0dara d
017 _a2015/16571
_bمصر. دار الكتب
020 _a9789779203850
040 _aEG-CaGPL
_cEG-CaGPL
082 0 4 _221
_a909\
_bن أ
100 1 _aنورويش ، جون جوليوس
245 1 2 _aالابيض المتوسط :
_bتاريخ بحر ليس كمثله بحر /
_cتأليف جون جوليوس نورويش ؛ ترجمة طلعت الشايب
250 _aط.1
260 _aالقاهرة :
_bالمركز القومى للترجمة ،
_c2015 .
300 _a773 ص. ؛
_c24 سم.
490 _aالمركز القومى للترجمة ؛
_v2463
650 0 7 _2qrmak
_aالبحر الابيض المتوسط
650 0 7 _2qrmak
_aالبلقان
650 0 7 _2qrmak
_aالبحر الابيض المتوسط
_xتاريخ
651 0 7 _2qrmak
_aاليونان
_xتاريخ
700 0 _aطلعت الشايب
_eمترجم
942 _2ddc
_cBK